000 00890cam a22002774a 4500
001 12842360
003 dpl
005 20021115150444.0
008 020703s2003 njua b 001 0 eng
010 _a 2002029263
020 _a0130661023
040 _aDLC
_cDLC
_dDLC
042 _apcc
050 _aTK5105.5
_b.T36 2003
082 _a004.6
_221
100 _aTanenbaum, Andrew S.,
_d1944-
245 _aComputer networks /
_cAndrew S. Tanenbaum.
250 _a4th ed.
260 _aUpper Saddle River, NJ :
_bPrentice Hall PTR,
_cc2003.
300 _axx, 891 p. :
_bill. ;
_c25 cm.
504 _aIncludes bibliographical references (p. 835-868) and index.
650 _aComputer networks.
906 _a7
_bcbc
_corignew
_d1
_eocip
_f20
_gy-gencatlg
942 _2ddc
_cBN
999 _c36310
_d36310